000 00210 a2200097 4500
001 11783
100 _aStrang. L.
245 _aBritain in world affairs
260 _a
_bFaber and Faber
_c
090 _c9039
_d9039
942 _aNUST-CAE
_cM
_c35866
999 _c246856
_d246856